Soviet Countries and Capitals - Statistics

General Stats
  • This quiz has been taken 27 times
  • The average score is 23 of 30
Answer Stats
Answer % Correct
Belarus
94%
Kazakhstan
94%
Moldova
94%
Russia
94%
Turkmenistan
94%
Ukraine
94%
Armenia
88%
Estonia
88%
Kyiv
88%
Kyrgyzstan
88%
Latvia
88%
Lithuania
88%
Moscow
88%
Tajikistan
88%
Uzbekistan
88%
Azerbaijan
81%
Georgia
81%
Minsk
81%
Astana
75%
Tbilisi
75%
Yerevan
75%
Baku
69%
Chișinău
69%
Riga
69%
Tallinn
69%
Vilnius
63%
Tashkent
56%
Bishkek
44%
Dushanbe
38%
Ashgabat
31%
No matching quizzes found
Score Distribution
Percent of People with Each Score
Percentile by Number Answered
Your Score History
You have not taken this quiz